| 000 | 01330nam a2200385 i 4500 | ||
|---|---|---|---|
| 005 | 20220317000202.0 | ||
| 008 | 141031s2011 ck a gs 000 0 spa d | ||
| 020 | _a9789583018497 | ||
| 040 |
_aCO-BoRNBP _bspa _cCO-BoRNBP _erda |
||
| 041 | 0 | _aspa | |
| 082 | 0 | 4 |
_a909 _bC41l |
| 100 | 1 |
_aClarke, Penny _eautor |
|
| 245 | 1 | 0 |
_aLíneas del tiempo : fechas históricas del mundo _cPenny Clarke ; traducido por Lina María Pérez Gaviria ; ilustrado por David Antram [y otros] |
| 250 | _aPrimera edición | ||
| 264 | 1 |
_aBogotá _bPanamericana _c2011 |
|
| 300 |
_a64 páginas _bilustraciones a color _c29 cm |
||
| 336 |
_atexto _btxt _2rdacontent |
||
| 337 |
_asin mediación _bn _2rdamedia |
||
| 338 |
_avolumen _bnc _2rdacarrier |
||
| 500 | _aIncluye glosario | ||
| 500 | _aIncluye índice | ||
| 521 | _aRecomendado desde los 12 años | ||
| 650 | 1 | 4 |
_aComunismo _2LEMB |
| 650 | 1 | 4 |
_aCronología _2LEMB |
| 650 | 1 | 4 |
_aGuerras _2LEMB |
| 650 | 1 | 4 |
_aHistoria antigua _2LEMB |
| 650 | 1 | 4 |
_aHistoria medieval _2LEMB |
| 650 | 1 | 4 |
_aHistoria moderna _2LEMB |
| 650 | 1 | 4 |
_aHistoria universal _2LEMB |
| 650 | 1 | 4 |
_aRevoluciones _2LEMB |
| 700 | 1 |
_aAntram, David, _d1958-, _eilustrador _918488 |
|
| 700 | 1 |
_aPérez Gaviria, Lina María, _d1949-, _etraductora _9130085 |
|
| 700 | 1 |
_aMontes Ferrando, Monica, _eeditora _9130086 |
|
| 942 |
_2ddc _cBK |
||
| 999 |
_c3338 _d3338 |
||